Statistiques concernant Focus sur: Haldir - Tolkien

Cliquez ici pour prendre le quiz!

Statistiques générales

  • Ce quiz a été pris 8 fois
  • Le résultat moyen est 7 sur 11

Statistiques - réponses

Informations recherchéesRéponses% Correct
EspèceElfe
100%
Ages durant lesquels il vécutTroisième (au moins)
100%
Première apparitionLe Seigneur des Anneaux: La Communauté de l'Anneau
88%
RoyaumeLothlórien
88%
Groupe de l'espèceSindar
75%
Couleur des cheveuxDoré
63%
ProfessionGarde
63%
FrèresRûmil
38%
CitéCaras Galadhon
25%
Acteur l'interprétant dans les filmsCraig Parker
25%
Orophin
25%

Distribution des résultats

Percentile par nombre de réponses

% des personnes avec chaque résultat

Votre développement - résultats

Vous n’avez pas pris ce quiz